000 02100cam a2200349 a 4500
003 EG-GiCUC
005 20250223031346.0
008 151202s2015 ua d f m 000 0 eng d
040 _aEG-GiCUC
_beng
_cEG-GiCUC
041 0 _aeng
049 _aDeposite
097 _aM.Sc
099 _aCai01.11.01.M.Sc.2015.Mo.A
100 0 _aMohamed Abdelghany Aly Elshazly
245 1 0 _aAwareness of American heart association guidelines of preoperative assessment of cardiac patients undergoing non-cardiac surgery among anesthesiologists at Cairo University /
_cMohamed Abdelghany Aly Elshazly ; Supervised Maged Salah Abdullah , Hisham Hosny Abdulwahab , Mohamed Khalid Hamza
246 1 5 _aدرجة الوعى بالمبادئ التوجيهية لجمعية القلب الامريكية لتقييم مرضي القلب قبل اجراء عملية جراحية غير قلبية بين اطباء التخدير بجامعة القاهرة
260 _aCairo :
_bMohamed Abdelghany Aly Elshazly ,
_c2015
300 _a53 P. :
_bcharts ;
_c25cm
502 _aThesis (M.Sc.) - Cairo University - Faculty of Medicine - Department of Anaesthesia
520 _aIn this study essential for clinicians to be familiar with current cardiac risk evaluation. ACC/AHA Guidelines for Perioperative Cardiovascular Evaluation for Non-cardiac Surgery offers the clinician a well-organized, thoughtful, evidenced-based approach to these patients.Therefore, we conducted this survey study with random sample of 125 anesthesiologists at Cairo University hospitals to assess the magnitude of knowledge the American heart association guidelines of preoperative assessment of cardiac patients undergoing non-cardiac surgery
530 _aIssued also as CD
653 4 _aCAD
653 4 _aClinical audit
653 4 _aNYHA
700 0 _aHisham Hosny Abdulwahab ,
_eSupervisor
700 0 _aMaged Salah Abdullah ,
_eSupervisor
700 0 _aMohamed Khalid Hamza ,
_eSupervisor
856 _uhttp://172.23.153.220/th.pdf
905 _aEnas
_eCataloger
905 _aNazla
_eRevisor
942 _2ddc
_cTH
999 _c53694
_d53694